| 000 | 01356nam a2200373 c 4500 | ||
|---|---|---|---|
| 003 | BLK | ||
| 005 | 20210903160452.0 | ||
| 008 | 180413b bul|||||r ||||||| ||bul|| | ||
| 010 | _aKNG00025357000 | ||
| 020 |
_a978-954-9321-37-1 _bиздат.: Ибис |
||
| 040 | _aBLK | ||
| 041 |
_aBUL _cBUL |
||
| 072 | 7 |
_2bullib _aН83 _xЧужда художествена литература Н |
|
| 080 |
_aАмериканска литература (на САЩ) _b821.111(73) _x-312.9 _z821.111(73)-312.9 |
||
| 100 | 1 |
_aМийд, Ришел _eпърви автор _9266713 |
|
| 700 | 1 |
_aКутева, Диана _eпрев. _9364219 |
|
| 139 |
_aМийд, Ришел _bМ 53 |
||
| 245 | 1 | 0 |
_aКръвно обещание _bРоман _cРишел Мийд; прев. Диана Кутева. |
| 257 | _aUSA | ||
| 260 |
_аСофия _bИбис _c2010 _fСофия : Симолини |
||
| 300 |
_a416 с. _c21 см |
||
| 380 | _aX | ||
| 490 | 1 |
_aПоредица Академия за вампири _vКн. 4 |
|
| 500 | _aОриг. загл. Blood Promise / Richelle Mead. | ||
| 653 | _aфантастика | ||
| 653 | _aвампири | ||
| 653 | _aромани | ||
| 659 | _aН | ||
| 852 | _aЦб 248127 | ||
| 856 | 4 |
_qpdf _u |
|
| 856 | 4 |
_qpdf _u |
|
| 942 |
_cKNG _n0 _04 |
||
| 944 |
_aCR _c12.04.2011 _lф / _kПенка_Димитрова |
||
| 944 |
_aED _c17.04.2013 _lф / _k |
||
| 999 |
_c22904 _d22904 |
||